Detalles MARC
| 000 -LEADER |
| fixed length control field |
01982nam a2200289 a 4500 |
| 003 - CONTROL NUMBER IDENTIFIER |
| control field |
OSt |
| 005 - DATE AND TIME OF LATEST TRANSACTION |
| control field |
20210715120645.0 |
| 008 - FIXED-LENGTH DATA ELEMENTS--GENERAL INFORMATION |
| fixed length control field |
121115s2012 dr ac 000 0 spa d |
| 020 ## - INTERNATIONAL STANDARD BOOK NUMBER |
| International Standard Book Number |
9789993427193 |
| 040 ## - CATALOGING SOURCE |
| Original cataloging agency |
BPMSU |
| Language of cataloging |
spa |
| Transcribing agency |
BPMSU |
| 082 ## - DEWEY DECIMAL CLASSIFICATION NUMBER |
| Classification number |
972.93054 |
| Item number |
V422n 2012 |
| Edition number |
22 |
| 100 ## - MAIN ENTRY--PERSONAL NAME |
| Personal name |
Vega, Bernardo, |
| Dates associated with a name |
1938 - |
| 245 10 - TITLE STATEMENT |
| Title |
Negociaciones políticas durante la intervención militar de 1965 / |
| Statement of responsibility, etc. |
Bernardo Vega. |
| 260 ## - PUBLICATION, DISTRIBUTION, ETC. (IMPRINT) |
| Place of publication, distribution, etc. |
Santo Domingo : |
| Name of publisher, distributor, etc. |
Fundación Cultura Dominicana, |
| Date of publication, distribution, etc. |
2012. |
| 300 ## - PHYSICAL DESCRIPTION |
| Extent |
558 p. : |
| Other physical details |
il., retrs. ; |
| Dimensions |
26 cm. |
| 500 ## - GENERAL NOTE |
| General note |
Incluye datos biográficos del autor en la solapa de la cubierta. |
| 500 ## - GENERAL NOTE |
| General note |
Incluye bibliografía y notas al pie de páginas. |
| 505 0# - FORMATTED CONTENTS NOTE |
| Title |
Antecedentes previos al inicio de las negociaciones -- |
| -- |
Johnson ordena a Fortas a viajar a San Juan y negociar con Bosch -- |
| -- |
Guzmán y Bosch negocian en San Juan con Bundy, Vance y Fortas -- |
| -- |
El primer día de negociaciones en Santo Domingo. Guzmán rehúsa reprimir a los comunistas -- |
| -- |
El segundo y largo día de negociaciones en Santo Domingo -- |
| -- |
Los constitucionalistas paran las negociaciones -- |
| -- |
La influencia de Mann y la muerte de Fernández Domínguez debilitan el acuerdo -- |
| -- |
La OEA quiere ser la que necocie . Los planes para sacar a Imbert por la fuerza -- |
| -- |
Optimismo sobre la "Formula Gumán" -- |
| -- |
Johnson insiste en la salidad de los tres líderes constitucionalistas -- |
| -- |
Johnson hunde la "Formula Guzmán" -- |
| -- |
Guzmán no acepta la endurecida posición américana, Mora comienza a opinar -- |
| -- |
Entre la salida de Bundy y la llegada de Bunker. El papel de Mora - |
| 590 ## - LOCAL NOTE (RLIN) |
| Local note |
Inventariado, 2021/VM |
| 651 #4 - SUBJECT ADDED ENTRY--GEOGRAPHIC NAME |
| Geographic name |
República Dominicana |
| General subdivision |
Historia |
| Chronological subdivision |
1961- |
| 651 #4 - SUBJECT ADDED ENTRY--GEOGRAPHIC NAME |
| Geographic name |
República Dominicana |
| General subdivision |
Historia |
| Chronological subdivision |
Ocupación norteamericana, 1965-1966 |
| 651 #4 - SUBJECT ADDED ENTRY--GEOGRAPHIC NAME |
| Geographic name |
Estados Unidos |
| General subdivision |
Relaciones exteriores |
| Geographic subdivision |
República Dominicana |
| 651 #4 - SUBJECT ADDED ENTRY--GEOGRAPHIC NAME |
| Geographic name |
República Dominicana |
| General subdivision |
Relaciones exteriores |
| Geographic subdivision |
Estados Unidos |
| 710 2# - ADDED ENTRY--CORPORATE NAME |
| Corporate name or jurisdiction name as entry element |
Fundación Cultural Dominicana |
| 910 ## - USER-OPTION DATA (OCLC) |
| User-option data |
VMateo V. |
| 942 ## - ADDED ENTRY ELEMENTS (KOHA) |
| Source of classification or shelving scheme |
Dewey Decimal Classification |
| Koha item type |
Libros |